Most Common Ancestries In Argentina - Statistics

General Stats
  • This quiz has been taken 37 times
  • The average score is 18 of 30
Answer Stats
Total Ancestry % Correct
860,000 Portuguese
100%
35,0 mil Spanish
100%
28,5 mil Italian
97%
8,2 mil French
91%
2,6 mil German
91%
350,000 Russian
82%
155,000 Japanese
76%
1,2 mil Polish
76%
545,000 Ukrainian
71%
3,5 mil Arab
68%
118,000 British
65%
289,000 Chinese
65%
98,000 Korean
65%
520,000 Turkish
65%
450,000 Irish
62%
54,100 Swedish
59%
480,500 Dutch
56%
115,000 Greek
53%
956,550 Indigenous
53%
25,000 Norwegian
47%
225,000 Austrian
44%
130,000 Bulgarian
44%
344,000 Croatian
41%
312,000 Czech
41%
142,500 Hungarian
41%
325,800 Romani
41%
495,000 Jewish
38%
45,000 Romanian
32%
67,500 Lithuanian
26%
32,500 Flemish
15%
No matching quizzes found
Score Distribution
Percent of People with Each Score
Percentile by Number Answered
Your Score History
You have not taken this quiz